Normal view
MARC view
Entry Personal Name
001 - CONTROL NUMBER
- control field: 2182
003 - CONTROL NUMBER IDENTIFIER
- control field: BD-RjUL
005 - DATE AND TIME OF LATEST TRANSACTION
- control field: 20220403110346.0
008 - FIXED-LENGTH DATA ELEMENTS
- fixed length control field: 220403|| aca||aabn | a|a d
040 ## - CATALOGING SOURCE
- Original cataloging agency: BD-RjUL
- Transcribing agency: BD-RjUL
100 ## - HEADING--PERSONAL NAME
- Personal name: فروخ، عمر، = Farrukh, Omar,
- Dates associated with a name: 1906-1987
670 ## - SOURCE DATA FOUND
- Source citation: Work cat.: (BD-RjUL)79647: فروخ، عمر، = Farrukh, Omar, 1906-1987, لغة القرآن := Quranic Arabic : [lughat alquran] :, ١٩٦٤[1964]